|
|
|
|
| LEADER |
01360nam a2200301 a 4500 |
| 001 |
c000179381 |
| 003 |
CARM |
| 005 |
19910224000000.0 |
| 008 |
910224s1974 us 000 0 eng d |
| 019 |
1 |
|
|a 7959224
|5 LACONCORD2021
|
| 035 |
|
|
|a (OCoLC)10602249
|5 LACONCORD2021
|
| 040 |
|
|
|a VCMB
|b eng
|c VCMB
|
| 100 |
1 |
|
|a Adler, Robert F.
|
| 245 |
1 |
2 |
|a A comparison of the structure and flow characteristics of the upper troposphere and stratosphere of the Northern and Southern Hemispheres /
|c by Robert F. Adler.
|
| 260 |
|
|
|a Fort Collins, Col. :
|b Dept. Atmospheric Science,
|c 1974.
|
| 300 |
|
|
|a xiv, 146p. :
|b ill. ;
|c 28 cm.
|
| 490 |
1 |
|
|a Atmospheric Science paper ;
|v no. 216.
|
| 504 |
|
|
|a Bibliography: p.137-142.
|
| 505 |
0 |
|
|a Includes abstract.
|
| 650 |
|
0 |
|a Atmospheric circulation
|z Southern Hemisphere.
|
| 650 |
|
0 |
|a Atmospheric circulation
|z Northern Hemisphere.
|
| 650 |
|
0 |
|a Troposphere.
|
| 650 |
|
0 |
|a Stratosphere.
|
| 710 |
2 |
|
|a Colorado State University.
|b Department of Atmospheric Science.
|
| 810 |
2 |
|
|a Colorado State University.
|b Department of Atmospheric Science.
|t Atmospheric science paper ;
|v no. 216.
|
| 852 |
8 |
|
|b CARM
|h A3:AD23E0
|i D06774
|p 0238022
|f BK
|
| 999 |
f |
f |
|i 3258c270-498c-54fa-a1a0-1e3e2557cb59
|s fae5fc60-461b-5a51-8458-69815d3c1cb0
|
| 952 |
f |
f |
|p Can circulate
|a CAVAL
|b CAVAL
|c CAVAL
|d CARM 1 Store
|e D06774
|f A3:AD23E0
|h Other scheme
|i book
|m 0238022
|